| 000 | 00527nam a22001817a 4500 | ||
|---|---|---|---|
| 003 | CEME | ||
| 005 | 20210628202444.0 | ||
| 008 | 210106b xxu||||| |||| 00| 0 eng d | ||
| 020 | _a9788177583724 | ||
| 040 | _c. | ||
| 082 | _a005.117 BOO | ||
| 100 |
_aBooch, Grady, Rumbaugh, James, Jacobson, Ivar _959971 |
||
| 245 | _aThe unified modeling language user guide | ||
| 260 |
_aINDIA _bPEARSON EDUCATION _c2012 |
||
| 300 | _a504P | ||
| 650 |
_aTEXTBOOK-MTS.THE UNIFIED MODELING LANGUAGE USER GUIDE _959972 |
||
| 942 |
_cBK _2ddc |
||
| 999 |
_c569824 _d569824 |
||